00739nam a2200205 a 4500001001000000005001700010008004100027020001500068050002200083100004300105245008400148260002400232300002400256440002100280504004100301650006200342942001100404999001500415952010300430BRCA_139420190320203416.0850822s1983 mx-a---##b---f000-0#spa-# a9681613503 4aHD2346b.G66 19831 aGonzáles Angulo Aguirre, Jorge9456210aArtesanado y ciudad a finales del siglo XVIIIcJorge González Angulo Aguirre. aMéxicobFCEc1983 a248 p.bil.c17 cm. 0aSEP/80n4994563 aIncluye referencias bibliográficas14aArtesanosxHistoriaySiglo XVIIIzMéxico (Ciudad)94564 2lcccB c1256d1256 00104070aBRCAbBRCAd2008-06-26l0oHD2346 .G66 1983p01916r2019-03-22 00:00:00w2019-03-22yB